| 000 | 00913nas a2200325 454500 | ||
|---|---|---|---|
| 001 | IICA0700844 | ||
| 003 | BR-BrBNA | ||
| 005 | 20260323111542.0 | ||
| 007 | ta | ||
| 008 | 260323b bl.|||p| |||| 00| 00por d | ||
| 040 |
_aBR-BrBNA _bpor _cBiblioteca Nacional de Agricultura |
||
| 041 | _a(Es) | ||
| 072 | _aH50 | ||
| 100 | 1 | _aVillachica, H. | |
| 100 | 1 | _aRaven, K. | |
| 245 | 1 | _aDeficiencias nutricionales del papayo (Carica papaya L.)en la selva central del Peru | |
| 300 | _av. 36(4) p. 523-531 | ||
| 650 | _aCARICA PAPAYA | ||
| 650 | _aMAMAO | ||
| 650 | _aDEFICIENCIA MINERAL | ||
| 650 | _aPOTASSIO | ||
| 650 | _aCALCIO | ||
| 650 | _aNITROGENIO | ||
| 650 | _aFOSFORO | ||
| 650 | _aMICROELEMENTO MINERAL | ||
| 650 | _aPERU | ||
| 773 | 0 |
_tTURRIALBA (IICA) _X0041-4360 _g(Oct-Dec 1986), v. 36(4) p. 523-531 _wIICA0700844 |
|
| 909 |
_a202603 _bLúcia _c55 _dLúcia Elande |
||
| 942 |
_2IICA _n0 _cANA |
||
| 999 |
_c340835 _d340835 |
||